Đổi mới, nỗi khát từ thơ Việt /
Salvato in:
| Autore principale: | |
|---|---|
| Natura: | Articolo |
| Lingua: | Vietnamese |
| Soggetti: | |
| Tags: |
Aggiungi Tag
Nessun Tag, puoi essere il primo ad aggiungerne! !
|
| Thư viện lưu trữ: | Thư viện Trường Đại học Đà Lạt |
|---|
| LEADER | 00787nam a2200265 4500 | ||
|---|---|---|---|
| 001 | DLU170182025 | ||
| 005 | ##20171123 | ||
| 040 | # | # | |a DLU |b vie |
| 041 | # | # | |a vie |
| 044 | # | # | |a vn |
| 100 | # | # | |a Trần Mạnh Tiến. |
| 245 | # | # | |a Đổi mới, nỗi khát từ thơ Việt / |c Trần Mạnh Tiến. |
| 653 | # | # | |a Đổi mới thơ |
| 653 | # | # | |a Thơ đương đại |
| 653 | # | # | |a Thơ Việt |
| 653 | # | # | |a Văn hóa Việt |
| 773 | # | # | |t Tạp chí Lý luận, phê bình văn học, nghệ thuật |g Số 48, 2016, tr. 26-29 |
| 920 | # | # | |a Phòng Tạp chí --Trung tâm Thông tin - Thư viện Trường Đại học Đà Lạt |
| 900 | # | # | |a True |
| 911 | # | # | |a Lê Thị Hồng |
| 925 | # | # | |a G |
| 926 | # | # | |a A |
| 927 | # | # | |a BB |
| 980 | # | # | |a Thư viện Trường Đại học Đà Lạt |